000 00373 a2200145 4500
005 20250630112434.0
020 _a2.01.007942.6.
082 _a440 MAU
100 _aMAUGER, G.
245 _aLe Franc,ais et 1avie
260 _aParis,
_bBoulevard St- Germany,
_c1971.
300 _avi; 249p: ill, Picture, Table,
_bIndex,
_c22cm.
700 _aBRUEZIERE, M.
942 _2ddc
_cBKS
999 _c6471
_d6471